00286nam a2200121Ia 4500008004100000100001800041245004400059260001700103300000700120650001300127942000700140999001700147190216s9999||||xx |||||||||||||| ||und|| aThampi. J K. 0aAmma Paranja Kathakal (bala Sahithiyam) bUrmilac2001 a44 aKathakal cBK c28237d28237